O CNJ e a reconfiguraȯ̂ do campo judicir̀io

Detalles Bibliográficos
Autor principal: Vasi Werner, Jos ̌Guilherme
Formato: eBook
Lenguaje:portugués
Publicado: Rio de Janeiro: Synergia Editora, 2019
Materias:
Acceso en línea:Acceso restringido

MARC

LEADER 00000nam a22000007a 4500
005 2019121602582.0
007 cr|||| ||||
008 191216s2019 br |||||s|||| 00||0 por d
020 |a 978-65-5010-011-7 
035 |a 30904 
040 |a vLex 
090 |c 10080  |d 10080 
100 1 |a Vasi Werner, Jos ̌Guilherme 
245 1 1 |a O CNJ e a reconfiguraȯ̂ do campo judicir̀io  |h [Recurso electrn̤ico] /  |c Jos ̌Guilherme Vasi Werner 
256 |a Servicio en ln̕ea 
260 |a Rio de Janeiro:  |b Synergia Editora,  |c 2019 
300 |a 1 recurso electrn̤ico 
506 1 |a Disponible solo en los productos indicados  |d vLex Global  |d vLex Global (Academic Edition, excluding Law Schools)  |d vLex Global (U.S. Academic Edition, Law Schools)  |d vLex Global (U.S. Academic Edition, excluding Law Schools)  |d vLex Global (Academic Edition, Law Schools) 
650 0 4 |a Derecho Constitucional  |z Brasil 
740 0 |a vLex Libros (Servicio en ln̕ea) 
856 4 0 |u http://vlex.com/source/cnj-reconfigura-o-campo-judiciario-30904  |z Acceso restringido 
942 |c BOOK 
999 0 |a Constitutional right